• 首页
  • 本馆介绍
  • 公告通知
  • 最新文献
  • 馆藏检索
  • 电子资源
  • 读者导购
  • 参考咨询
  • 我的图书馆
  • 登录
  • 详细信息显示
  • 放入我的书架
  • 预约/预借图书
  • 作者相关作品
  • 分类相关作品
  • 丛书相关作品
  • 出版社相关作品

书目信息

  • 表格格式
  • 工作单格式
  • 卡片格式
题名:
帝国与传播
    
 
作者: 伊尼斯 著 ;何道宽 译
分册:  
出版信息: 北京   中国传媒大学出版社  2013.01
页数: 416页
开本: 22cm
丛书名: 新闻学与传播学经典译丛
单 册:
中图分类: H319.4:G206
科图分类:
主题词: 英语--汉语--对照读物 , 传播学--研究 , 英语 , 汉语 , 传播学
电子资源:
ISBN: 978-7-5657-0623-3
000 01155oam2 2200337 450
001 010050023221
005 20130628103204.75
010    @a978-7-5657-0623-3@b精装@dCNY59.80
100    @a20130130d2013 em y0chiy50 ea
101 2  @achi@aeng@ceng
102    @aCN@b110000
105    @aa z 000yy
106    @ar
200 1  @a帝国与传播@9di guo yu chuan bo@dEmpire and communications@e英文(双语版)@f(加)哈罗德·伊尼斯(Harold Innis)著@g何道宽译@zeng
205    @a修订版
210    @a北京@c中国传媒大学出版社@d2013.01
215    @a416页@c图@d22cm
225 2  @a新闻学与传播学经典译丛@i大师系列
330    @a本书共分为七章,主要内容包括:绪论;埃及;巴比伦王国;口头传统与希腊文明;文字传统与罗马帝国等。
462  0 @12001 @a大师系列@1701 0@a展江@4主编
510 1  @aEmpire and communications@zeng
606 0  @a英语@x汉语@j对照读物
606 0  @a传播学@x研究
606 0  @a英语
606 0  @a汉语
606 0  @a传播学
690    @aH319.4:G206@v5
701  0 @c(加)@a伊尼斯@9yi ni si@c(Innis, Harold@f1894-1952)@4著
702  0 @a何道宽@9he dao kuan@4译
801  0 @aCN@b人天书店@c20130130
905    @b544587-90@dH319.4:G206@e1768=2@f4
    
    帝国与传播=Empire and communications:英文(双语版)/(加)哈罗德·伊尼斯(Harold Innis)著/何道宽译.-修订版.-北京:中国传媒大学出版社,2013.01
    416页:图;22cm.-(新闻学与传播学经典译丛.大师系列)
    
    
    ISBN 978-7-5657-0623-3(精装):CNY59.80
    本书共分为七章,主要内容包括:绪论;埃及;巴比伦王国;口头传统与希腊文明;文字传统与罗马帝国等。
●
相关链接 在E读中查询图书 在五车中查询图书 在当当中查询图书 在豆瓣中查询图书


正题名:帝国与传播     索取号:H319.4:G206/1768=2         预约/预借

序号 登录号 条形码 馆藏地/架位号 状态 备注
1 544587   205445874   第二样本阅览室/ [索取号:H319.4:G206/1768=2] 在馆    
2 544588   205445883   第四借阅区/ [索取号:H319.4:G206/1768=2] 在馆    
3 544589   205445892   第四借阅区/ [索取号:H319.4:G206/1768=2] 在馆    
4 544590   205445909   第四借阅区/ [索取号:H319.4:G206/1768=2] 在馆    
唐山师范学院图书馆 欢迎您!
大连网信软件有限公司© 版权所有